| 000 | 00935cam a22002775i 4500 | ||
|---|---|---|---|
| 999 |
_c12382 _d12382 |
||
| 003 | EG-ScBUE | ||
| 005 | 20210207153956.0 | ||
| 008 | 090721s2006 ua g 000 d ara d | ||
| 017 | _a2005 / 18464 | ||
| 020 | _a9770913723 | ||
| 040 |
_aEG-ScBUE _bara _erda _cEG-ScBUE _dEG-ScBUE |
||
| 082 | 0 | 4 |
_a892.726 _bح ك ي _222 |
| 100 | 1 |
_aحكيم، توفيق، _d1898-1987، _eمؤلف. |
|
| 245 | 1 | 2 |
_aالملك أوديب : _bمسرحية / _cتوفيق الحكيم. |
| 250 | _aطبعة دار الشروق الأولى. | ||
| 264 | 1 |
_aالقاهرة : _bدار الشروق، _c2006. |
|
| 300 |
_a171 صفحة ؛ _c20 سم. |
||
| 336 |
_aنص _btxt _2rdacontent |
||
| 337 |
_aبدون وسيط _bn _2rdamedia |
||
| 338 |
_aمجلد _bnc _2rdacarrier |
||
| 490 | 0 | _aمسرحيات | |
| 650 | 7 |
_aالمسرحيات العربية _yقرن 20. _2BUEsh |
|
| 651 | _2BUEsh | ||
| 653 |
_bARALIT _bGGEN _cFebruary2021 |
||
| 942 |
_2ddc _cBB |
||